Historia de la psicología: principales corrientes del pensamiento psicológico

Uloženo v:
Podrobná bibliografie
Hlavní autor: Leahey, Thomas Hardy (Autor)
Médium: Kniha
Jazyk:španělština
Vydáno: Madrid Pearson-Prentice Hall 2005
Vydání:6a. ed
Témata:
Tagy: Přidat tag
Žádné tagy, Buďte první, kdo vytvoří štítek k tomuto záznamu!

MARC

LEADER 00000cam a2200000 a 4500
001 UCI6951
003 CL-VaPUC
008 080605e20050000SP |||||||||||||||||spa|d
020 |a 8420542245 
082 0 4 |a 150.9  |b LEA  |2 21 
100 |a Leahey, Thomas Hardy  |e author  |9 530044 
245 1 0 |a Historia de la psicología: principales corrientes del pensamiento psicológico 
250 |a 6a. ed 
300 |a 525 p 
942 |c BK 
945 |d 20080605 00:00:00  |a rbrito 
260 |a Madrid  |b Pearson-Prentice Hall  |c 2005 
650 7 |a HISTORIA DE LA PSICOLOGIA  |2 CL-VaPUC  |9 530045 
650 0 |a Historia antigua  |9 267521 
650 0 |a Edad media  |9 258041 
650 0 |a Renacimiento  |9 255107 
650 0 |a Psicoanálisis   |9 265702 
650 7 |a CONDUCTISMO  |2 CL-VaPUC  |9 309844 
583 |a last modification  |c 20130527 14:36:18  |k Rodrigo Vera 
999 |c 330384  |d 330382 
952 |0 0  |1 0  |4 0  |6 150_900000000000000_LEA_2005  |7 0  |8 A  |9 415887  |a BIBEDU  |b BIBEDU  |d 2019-11-22  |i 4804791  |o 150.9 LEA 2005  |p 4804791  |r 2019-11-22  |w 2019-11-22  |y BK  |k PSI